Developmental science : (Record no. 52301)
[ view plain ]
| 000 -LEADER | |
|---|---|
| fixed length control field | 00544nam a2200205Ia 4500 |
| 005 - DATE AND TIME OF LATEST TRANSACTION | |
| control field | 20260429112105.0 |
| 008 - FIXED-LENGTH DATA ELEMENTS--GENERAL INFORMATION | |
| fixed length control field | 260429s9999||||xx |||||||||||||| ||und|| |
| 020 ## - INTERNATIONAL STANDARD BOOK NUMBER | |
| International Standard Book Number | 9781032480503 |
| 041 ## - LANGUAGE CODE | |
| Language | English |
| 082 ## - DEWEY DECIMAL CLASSIFICATION NUMBER | |
| Classification number | 155 |
| Item number | BOR |
| 100 ## - MAIN ENTRY--PERSONAL NAME | |
| Personal name | Bornstein, Marc H. |
| 245 #0 - TITLE STATEMENT | |
| Title | Developmental science : |
| Remainder of title | an advanced textbook / |
| Statement of responsibility, etc | Marc H. Bornstein |
| 250 ## - EDITION STATEMENT | |
| Edition statement | 8th ed. |
| 260 ## - PUBLICATION, DISTRIBUTION, ETC. (IMPRINT) | |
| Place of publication, distribution, etc | New York : |
| Name of publisher, distributor, etc | Routledge, |
| Date of publication, distribution, etc | 2025. |
| 300 ## - PHYSICAL DESCRIPTION | |
| Extent | x, 696 p.; pbk |
| 650 ## - SUBJECT ADDED ENTRY--TOPICAL TERM | |
| Topical term or geographic name as entry element | Development |
| 650 ## - SUBJECT ADDED ENTRY--TOPICAL TERM | |
| Topical term or geographic name as entry element | Science |
| 700 ## - ADDED ENTRY--PERSONAL NAME | |
| Personal name | Lamb, Michael E. |
| 942 ## - ADDED ENTRY ELEMENTS (KOHA) | |
| Koha item type | Text Books |
| Withdrawn status | Lost status | Damaged status | Not for loan | Collection code | Home library | Location | Shelving location | Date of Cataloging | Source of acquisition | Total Checkouts | Full call number | Barcode | Date last seen | Price effective from | Koha item type |
|---|---|---|---|---|---|---|---|---|---|---|---|---|---|---|---|
| Non-fiction | CUTN Central Library | CUTN Central Library | Philosophy & psychology | 29/04/2026 | Atlantic Publishers and Distributors, Chennai - Invoice No. 3013317 on 17-02-2026 | 155 BOR | 57377 | 29/04/2026 | 29/04/2026 | Text Books |
